Loading...
| History - World | 2 | 0 | 0 | 0 | 30 | 40 | 44.00 | 1 | 2 | 11.69 | 23.61 |
| Philosophy | 1 | 1 | 0 | 0 | 25 | 15 | 59.50 | 2 | 2 | 6.20 | 10.42 |
| Mythology | 1 | 0 | 0 | 0 | 15 | 34 | 34.00 | 1 | 1 | 9.77 | 29.17 |
| Science - Physics | 0 | 2 | 1 | 0 | 15 | 113 | 131.50 | 0 | 0 | 0.00 | 0.00 |
| History - European | 1 | 0 | 0 | 0 | 15 | 41 | 41.00 | 1 | 1 | 21.10 | 37.50 |
| Fine Arts - Auditory | 1 | 0 | 1 | 0 | 10 | 71 | 71.00 | 0 | 1 | 0.00 | 0.00 |
| Social Science | 0 | 1 | 0 | 0 | 10 | 101 | 101.00 | 0 | 1 | 3.44 | 8.33 |
| History - Other | 0 | 1 | 1 | 1 | 5 | 116 | 116.00 | 0 | 0 | 33.06 | 52.78 |
| Religion | 0 | 0 | 0 | 0 | 0 | 0.00 | 0 | 0 | 17.27 | 40.97 | |
| Literature - European | 0 | 1 | 2 | 1 | 0 | 141 | 141.00 | 0 | 0 | 2.30 | 9.72 |
| Literature - American | 0 | 0 | 1 | 0 | -5 | 0.00 | 0 | 0 | 0.00 | 0.00 | |
| Science - Chemistry | 0 | 0 | 1 | 0 | -5 | 0.00 | 0 | 0 | 4.81 | 13.19 | |
| Fine Arts - Other | 0 | 0 | 1 | 0 | -5 | 0.00 | 0 | 0 | 0.00 | 0.00 |